000 00802nam a22001937a 4500
999 _c196460
_d196460
005 20230703122543.0
010 _aB-755120-139 CHHN 25.5.23
020 _a9788123770079
_c180.00
035 _aB-755120-139
037 _bNational Book Trust India
082 _aS
100 _aRusinek, Michal
245 _aLittle Chopin/
_cMichal Rusinek
260 _aNew Delhi
_bNational Book Trust India
270 _aNehru Bhawan, 5 Institutional Area, Phase-II Vasant Kunj,
_bNew Delhi
_e110070
300 _a36p.
_bill.
_c25cm.(pbk)
942 _2ddc
_cCH
_mRUS
_hS